Movies Quiz

Random Movies or Clickable Quiz
Score 0/15 Timer 02:30
2 Plays Today
% Correct
Frozen (2013)
95%
Finding Neverland (2004)
91.9%
Despicable Me (2010)
85.5%
Little Miss Sunshine (2006)
85%
The Green Mile (1999)
84%
There Will Be Blood (2007)
83.3%
The Shawshank Redemption (1994)
83.2%
The Hurt Locker (2008)
83.1%
% Correct
A Few Good Men (1992)
78.2%
La La Land (2016)
76.1%
Hell or High Water (2016)
49.2%
The Blind Side (2009)
46.7%
The Full Monty (1997)
40.5%
Grumpy Old Men (1993)
39%
Silver Linings Playbook (2012)
31%
Remove Ads.
Support Sporcle.
Get the best of Sporcle when you Go Orange. This ad-free experience offers more features, more stats, and more fun while also helping to support Sporcle. Thank you for becoming a member.

You're not logged in!

Compare scores with friends on all Sporcle quizzes.
OR
Log In

Show Comments

Extras

Top Quizzes Today


Score Distribution

Your Account Isn't Verified!

In order to create a playlist on Sporcle, you need to verify the email address you used during registration. Go to your Sporcle Settings to finish the process.

Report this User

Report this user for behavior that violates our Community Guidelines.

Details: